000 01220cas a22002415a 4500
001 L137179
008 070321c2010 xxkqr w ss 0 a0eng u
035 _a(Sirsi) u137179
041 0 _aeng
110 2 _aCB Richard Ellis
_93675
245 0 0 _aCB Richard Ellis MarketView
_bUK prime rent and yield monitor
_h[electronic resource]
260 _aLondon
_bCBRE
_c2006-
362 0 _aCurrent quarterly issue only
362 2 _aAn incomplete series of archive pdfs of this report can be traced via www.google.co.uk
490 0 _aCB Richard Ellis MarketView UK Prime Rent and Yield Monitor
520 _aAnalyses yield and rental growth over the quarter in the offices, retail and industrial sectors. Table details rental growth, actual yields and yield shift for all property, shops, shopping centres, retail warehouses, offices, and industrial property down to regional levels.
554 _aQuarterly
650 2 4 _aCB RICHARD ELLIS MARKETVIEW UK PRIME RENT AND YIELD MONITOR
651 4 _aUnited Kingdom
_y
690 _aPROPERTY-COMMERCIAL PROPERTY-COMMERCIAL PROPERTY MARKET
856 4 0 _uhttps://www.cbre.co.uk/portal/page/portal/uk_en/research
_zView the item free of charge at www.cbre.co.uk
942 _n0
999 _c118886
_d118886